|
|
|
|
| LEADER |
02139nam a2200553 a 4500 |
| 001 |
nkc20061698690 |
| 003 |
CZ PrNK |
| 005 |
20070216110810.0 |
| 007 |
ta |
| 008 |
061122s2006 xr a e 001 0dcze |
| 015 |
|
|
|a cnb001698690
|
| 020 |
|
|
|a 80-85211-19-X
|q (váz.)
|
| 035 |
|
|
|a (OCoLC)85723883
|
| 040 |
|
|
|a BOA001
|b cze
|d ABA001
|
| 041 |
0 |
|
|a cze
|b eng
|
| 043 |
|
|
|a e-xr---
|b e-xr-pa
|2 czenas
|
| 045 |
|
|
|a x-x-
|
| 072 |
|
7 |
|a 72
|x Architektura
|2 Konspekt
|9 21
|
| 080 |
|
|
|a 72(437.3)
|2 MRF
|
| 080 |
|
|
|a 72.036/.038
|2 MRF
|
| 080 |
|
|
|a (437.314)
|2 MRF
|
| 080 |
|
|
|a (048.8)
|2 MRF
|
| 080 |
|
|
|a (084.12)
|2 MRF
|
| 100 |
1 |
|
|a Bartoš, Štěpán,
|d 1963-
|7 jn20001005044
|4 pht
|
| 245 |
1 |
0 |
|a Kaleidoskop tvarů :
|b století moderní architektury v Pardubickém kraji /
|c [fotografie] Štěpán Bartoš ; [koncepce knihy a texty] Zdeněk Lukeš, Pavel Panoch
|
| 246 |
3 |
0 |
|a Století moderní architektury v Pardubickém kraji
|
| 260 |
|
|
|a [Pardubice] :
|b Helios,
|c 2006
|
| 300 |
|
|
|a 199 s. :
|b barev. il. ;
|c 29 cm
|
| 504 |
|
|
|a Obsahuje bibliografii a rejstřík
|
| 546 |
|
|
|a Anglické resumé
|
| 648 |
|
7 |
|a 20. století
|7 ch460558
|2 czenas
|
| 650 |
0 |
7 |
|a česká architektura
|7 ph128102
|y 20. století
|2 czenas
|
| 650 |
0 |
7 |
|a moderní architektura
|7 ph115339
|z Česko
|2 czenas
|
| 650 |
0 |
9 |
|a Czech architecture
|y 20th century
|2 eczenas
|
| 650 |
0 |
9 |
|a modern architecture
|z Czechia
|2 eczenas
|
| 651 |
|
7 |
|a Pardubický kraj (Česko : 2000-)
|7 ge135828
|2 czenas
|
| 651 |
|
9 |
|a Pardubice Region (Czechia)
|2 eczenas
|
| 655 |
|
7 |
|a přehledy
|7 fd133202
|2 czenas
|
| 655 |
|
7 |
|a fotografické publikace
|7 fd132276
|2 czenas
|
| 655 |
|
9 |
|a surveys
|2 eczenas
|
| 655 |
|
9 |
|a photographical works
|2 eczenas
|
| 700 |
1 |
|
|a Lukeš, Zdeněk,
|d 1954-
|7 jn99240000644
|4 aut
|
| 700 |
1 |
|
|a Panoch, Pavel,
|d 1974-
|7 mzk2004217546
|4 aut
|
| 856 |
4 |
1 |
|u https://www.digitalniknihovna.cz/mzk/uuid/uuid:129ff090-55b6-11e7-a7b7-005056827e51
|y Digitalizovaný dokument
|x NDK
|
| 910 |
2 |
|
|a BOA001
|b 3-1177.117
|
| 990 |
|
|
|a BK
|
| 995 |
|
|
|a 01
|
| 991 |
|
|
|b 200612
|c NOV
|
| 996 |
6 |
|
|b 2610294605
|c 3-1177.117
|l MZK
|r Sklad / do 1 hodiny
|n 21
|p p.v.
|w 000833256
|u 000010
|a 1
|e BOA001
|j MZK50
|s P
|